00491 2200193 4500001002100000005001500021035002000036007000300056008004100059020002200100082000800122084001400130100002000144245003200164250001100196260004800207300003200255650001000287INLIS00000000000145520220428074722 a0010-0422000008ta220428 e f ind  a978-979-22-3602-6 a823 a823 STE t0 aStephenie Meyer1 aTwilight /cStephenie Meyer aCet. 7 aJakarta :bPT Gramedia Pustaka Utama,c2009 a520 hlm. ;c13,2 cm x 20 cm aNovel